Normal view
MARC view
- المسعودي، محمد حميد مهدي وآخرون، م. مشارك فيصل عبد منشد الشويلي، م.مشارك محمد كاظم منتوب الحمداني
Entry Personal Name
001 - CONTROL NUMBER
- control field: 59962
003 - CONTROL NUMBER IDENTIFIER
- control field: JO-AjAnu
005 - DATE AND TIME OF LATEST TRANSACTION
- control field: 20230606083813.0
008 - FIXED-LENGTH DATA ELEMENTS
- fixed length control field: 230606|| aca||aabn | a|a d
040 ## - CATALOGING SOURCE
- Original cataloging agency: JO-AjAnu
- Transcribing agency: JO-AjAnu
100 ## - HEADING--PERSONAL NAME
- Personal name: المسعودي، محمد حميد مهدي وآخرون، م. مشارك فيصل عبد منشد الشويلي، م.مشارك محمد كاظم منتوب الحمداني
670 ## - SOURCE DATA FOUND
- Source citation: Work cat.: (JO-AjAnu)30578: المسعودي، محمد حميد مهدي وآخرون، م. مشارك فيصل عبد منشد الشويلي، م.مشارك محمد كاظم منتوب الحمداني, author, مسلمات تطبيق منهج البحث التربوي